Tangaza University Library

LOADER, WILLIAM: (Record no. 204997)

MARC details
000 -LEADER
fixed length control field 00446nam a22001697a 4500
003 - CONTROL NUMBER IDENTIFIER
control field OSt
005 - DATE AND TIME OF LATEST TRANSACTION
control field 20251031091245.0
008 - FIXED-LENGTH DATA ELEMENTS--GENERAL INFORMATION
fixed length control field 251031b |||||||| |||| 00| 0 eng d
022 ## - INTERNATIONAL STANDARD SERIAL NUMBER
International Standard Serial Number 0040-5639
040 ## - CATALOGING SOURCE
Modifying agency LC
100 ## - MAIN ENTRY--PERSONAL NAME
Personal name Francis J. Moloney, SDB
245 ## - TITLE STATEMENT
Title LOADER, WILLIAM:
Remainder of title Jesus in John's Gospel
260 ## - PUBLICATION, DISTRIBUTION, ETC. (IMPRINT)
Place of publication, distribution, etc USA,
Name of publisher, distributor, etc Sages Publications;
Date of publication, distribution, etc 2018
300 ## - PHYSICAL DESCRIPTION
Extent P.183-185
440 ## - SERIES STATEMENT/ADDED ENTRY--TITLE
Title Theological Studies
Number of part/section of a work No.1
Volume number/sequential designation Vol.79
942 ## - ADDED ENTRY ELEMENTS (KOHA)
Source of classification or shelving scheme Library of Congress Classification
Koha item type Journal Article
Holdings
Withdrawn status Lost status Not for loan Home library Current library Date acquired Total Checkouts Date last seen Price effective from Koha item type Shelving location
      NURU LIBRARY NURU LIBRARY 31/10/2025   31/10/2025 31/10/2025 Journal Article  
    Not For Loan NURU LIBRARY NURU LIBRARY 31/10/2025   31/10/2025 31/10/2025 Journal Article Open Shelf

© Tangaza University Library, Langata South Road P.O Box 15055 00509 Nairobi Kenya
Tel: 0722 204 724 Fax: +254 20 8890018